Catálogo

EL LIBRO DE URANTIA (Registro nro. 45251)

Detalles MARC
000 -LEADER
fixed length control field 00951nam a2200181 a 4500
001 - CONTROL NUMBER
control field 45251
005 - DATE AND TIME OF LATEST TRANSACTION
control field 20180714024400.0
008 - FIXED-LENGTH DATA ELEMENTS--GENERAL INFORMATION
fixed length control field 140415s2001 000 0 spa d
020 ## - INTERNATIONAL STANDARD BOOK NUMBER
International Standard Book Number 0911560025
041 ## - LANGUAGE CODE
Language code of text/sound track or separate title spa
082 ## - DEWEY DECIMAL CLASSIFICATION NUMBER
Classification number 299.936
Item number LIB
245 03 - TITLE STATEMENT
Title EL LIBRO DE URANTIA
250 ## - EDITION STATEMENT
Edition statement 1a ed.
260 ## - PUBLICATION, DISTRIBUTION, ETC.
Place of publication, distribution, etc. [s.l.] :
Name of publisher, distributor, etc. INDETERMINADO,
Date of publication, distribution, etc. 2001
300 ## - PHYSICAL DESCRIPTION
Extent 656
Dimensions 21.2 x 13.6 x 4.4
520 ## - SUMMARY, ETC.
Summary, etc. EN LA MENTE DE LOS HOMBRES DE URANTIA SIENDO ÉSTE EL NOMBRE DE VUESTRO MUNDO. EXISTE GRAN CONFUSIÓN EN CUANTO AL SIGNIFICADO DE TERMINOS TALES COMO DIOS, DIVINIDAD Y DEIDAD LOS SERES HUMANOS ESTÁN AÚN MÁS CONFUNDIDOS EN CIERTOS ACERCA DE LAS RELACIONES DE LAS PERSONALIDADES DIVINAS DESIGNADAS POR ESTOS NUMEROSOS APELATIVOS, DEBIDO A ESTA POBREZA CONCEPTUAL ASOCIADA CON TAL CONFUSIÓN IDEACIONAL, SE ME HA EXHORTADO A QUE FORMULE ESTA DECLARACIÓN INTRODUCTORIA COMO EXPLICACIÓN DE LOS SIGN
650 14 - SUBJECT ADDED ENTRY--TOPICAL TERM
Topical term or geographic name entry element RELIGIONES UNIVERSALES
Existencias
Withdrawn status Lost status Source of classification or shelving scheme Damaged status Not for loan Collection code Home library Current library Shelving location Date acquired Source of acquisition Inventory number Total Checkouts Total Renewals Full call number Barcode Date last seen Date last checked out Price effective from Koha item type
    Dewey Decimal Classification     General Biblioteca Karol Wojtyla Biblioteca Karol Wojtyla Sala general 03/12/2013 Compra 151000000000000000058218 9 1 299.936 LIB 68043 16/02/2026 16/02/2026 03/12/2013 Libro